<?xml version="1.0" encoding="UTF-8"?><marc:collection xmlns:marc="http://www.loc.gov/MARC21/slim">
  <marc:record>
    <marc:leader>00000nam  2200000za 4500</marc:leader>
    <marc:controlfield tag="001">9.577605</marc:controlfield>
    <marc:controlfield tag="003">CaOODSP</marc:controlfield>
    <marc:controlfield tag="005">20220901140009</marc:controlfield>
    <marc:controlfield tag="007">cr |||||||||||</marc:controlfield>
    <marc:controlfield tag="008">150406|2007||||xxc|||||o    f|0| 0 eng d</marc:controlfield>
    <marc:datafield tag="040" ind1=" " ind2=" ">
      <marc:subfield code="a">CaOODSP</marc:subfield>
      <marc:subfield code="b">eng</marc:subfield>
    </marc:datafield>
    <marc:datafield tag="043" ind1=" " ind2=" ">
      <marc:subfield code="a">n-cn---</marc:subfield>
    </marc:datafield>
    <marc:datafield tag="086" ind1="1" ind2=" ">
      <marc:subfield code="a">J3-2/2007-2E-PDF</marc:subfield>
    </marc:datafield>
    <marc:datafield tag="110" ind1="1" ind2=" ">
      <marc:subfield code="a">Canada.</marc:subfield>
      <marc:subfield code="b">Justice Canada.</marc:subfield>
    </marc:datafield>
    <marc:datafield tag="245" ind1="1" ind2="4">
      <marc:subfield code="a">The Child-Centred Family Justice Strategy : </marc:subfield>
      <marc:subfield code="h">[electronic resource]</marc:subfield>
      <marc:subfield code="b">survey on the practice of family law in Canada, 2004-2006 / </marc:subfield>
      <marc:subfield code="c">prepared by: Joanne J. Paetsch, Lorne D. Bertrand, and Nicholas Bala. Submitted by: Canadian Research Institute for Law and the Family. </marc:subfield>
    </marc:datafield>
    <marc:datafield tag="260" ind1=" " ind2=" ">
      <marc:subfield code="b">Justice Canada </marc:subfield>
      <marc:subfield code="c">April 2007.</marc:subfield>
    </marc:datafield>
    <marc:datafield tag="300" ind1=" " ind2=" ">
      <marc:subfield code="a">116p.</marc:subfield>
      <marc:subfield code="b">figs., tables</marc:subfield>
    </marc:datafield>
    <marc:datafield tag="490" ind1="1" ind2=" ">
      <marc:subfield code="a">Research report ; </marc:subfield>
      <marc:subfield code="v">April</marc:subfield>
    </marc:datafield>
    <marc:datafield tag="590" ind1=" " ind2=" ">
      <marc:subfield code="a">13-22-Supp</marc:subfield>
      <marc:subfield code="b">2013-09-26</marc:subfield>
    </marc:datafield>
    <marc:datafield tag="775" ind1="0" ind2="8">
      <marc:subfield code="t">La stratégie de justice familiale axée sur l'enfant : </marc:subfield>
      <marc:subfield code="w">(CaOODSP)9.606165</marc:subfield>
    </marc:datafield>
    <marc:datafield tag="830" ind1="#" ind2="0">
      <marc:subfield code="a">Research report (Canada. Department of Justice. Family, Children and Youth Section)</marc:subfield>
      <marc:subfield code="v">April.</marc:subfield>
      <marc:subfield code="w">(CaOODSP)9.832884</marc:subfield>
    </marc:datafield>
    <marc:datafield tag="856" ind1="4" ind2="0">
      <marc:subfield code="a">http://publications.gc.ca</marc:subfield>
      <marc:subfield code="q">PDF</marc:subfield>
      <marc:subfield code="s">317 KB</marc:subfield>
      <marc:subfield code="u">https://publications.gc.ca/collections/collection_2013/jus/J3-2-2007-2-eng.pdf</marc:subfield>
    </marc:datafield>
  </marc:record>
</marc:collection>
